000 00446nam a2200145Ia 4500
008 090122s9999 xx 000 0 und d
082 _b6354
_a891.4681
100 _aपाब्रेकर
_bप्रमोद
_cडॉ
245 _aफिंगर बाऊल
600 _aपाब्रेकर
630 _aफिंगर बाऊल
700 _aपाब्रेकर
730 _aफिंगर बाऊल
942 _cBOOK
999 _c30431
_d30431